| 000 | 00767aam a2200325 4500 | ||
|---|---|---|---|
| 005 | 20240514170902.0 | ||
| 008 | 150605b xxu||||| |||| 00| 0 spa d | ||
| 020 | _a9789962040064 | ||
| 041 | _aESP | ||
| 082 | _a646.478 P259d | ||
| 100 | _aParra Rodríguez, María Cristina | ||
| 245 | _aDisfraces rápidos y económicos para niños | ||
| 260 | _aEspaña | ||
| 260 | _bLexus | ||
| 260 | _c2011 | ||
| 300 | _a196 páginas | ||
| 650 | _aDISFRACES | ||
| 650 | _aCARITAS PINTADAS | ||
| 650 | _aFIESTAS INFANTILES | ||
| 650 | _aFANTASÍA | ||
| 650 | _aTRAJES TÍPICOS | ||
| 650 | _aOFICIOS | ||
| 650 | _aPELUCHES | ||
| 650 | _aFELPAS | ||
| 650 | _aHALLOWEEN | ||
| 650 | _aFICCIÓN | ||
| 650 | _aDIBUJOS | ||
| 942 |
_cBK _2ddc |
||
| 999 |
_c2647 _d2647 |
||